书目信息 |
| 题名: |
阑尾外科
|
|
| 作者: | 毕玉华 编 | |
| 分册: | ||
| 出版信息: | 北京 人民卫生出版社 1980 |
|
| 页数: | 115页 | |
| 开本: | 19cm | |
| 丛书名: | ||
| 单 册: | ||
| 中图分类: | R656.8 | |
| 科图分类: | ||
| 主题词: | 阑尾-肠疾病-外科学 , 肠疾病-阑尾-外科学 , 外科学-肠疾病-阑尾 | |
| 电子资源: | ||
| ISBN: | 14048.3817 | |
| 000 | 00667nam0 2200253 450 | |
| 001 | 0180009217 | |
| 005 | 20100712215856.0 | |
| 010 | @a14048.3817@dCNY0.28 | |
| 091 | @a14048.3817 | |
| 100 | @a19950522d1980 em y0chiy0110 ea | |
| 101 | 0 | @achi |
| 102 | @aCN@b110000 | |
| 105 | @ay z 000yy | |
| 106 | @ar | |
| 200 | 1 | @a阑尾外科@9Lan Wei;Yi Wai Ke @f毕玉华等编 |
| 210 | @a北京@c人民卫生出版社@d1980 | |
| 215 | @a115页@d19cm | |
| 606 | 0 | @a阑尾-肠疾病-外科学 |
| 606 | 0 | @a肠疾病-阑尾-外科学 |
| 606 | 0 | @a外科学-肠疾病-阑尾 |
| 690 | @aR656.8@v3 | |
| 701 | 0 | @a毕玉华@9bi yu hua@4编 |
| 801 | 0 | @aCN@b91MARC@c20130904 |
| 905 | @aBZT@dR656.8@e2@f5@sR656.8/2 | |
| 阑尾外科/毕玉华等编.-北京:人民卫生出版社,1980 |
| 115页;19cm |
| ISBN 14048.3817:CNY0.28 |
| ● |
| 相关链接 |
|
|
|
正题名:阑尾外科
索取号:R656.8/2
 
预约/预借
| 序号 | 登录号 | 条形码 | 馆藏地/架位号 | 状态 | 备注 |
| 1 | 2000045779 | 2000045779 | 旧书回溯/ [索取号:R656.8/2] | 在馆 | |
| 2 | 2000138126 | 2000138126 | 旧书回溯/ [索取号:R656.8/2] | 在馆 | |
| 3 | 2000138999 | 2000138999 | 旧书回溯/ [索取号:R656.8/2] | 在馆 | |
| 4 | 2000139000 | 2000139000 | 旧书回溯/ [索取号:R656.8/2] | 在馆 | |
| 5 | 2000139001 | 2000139001 | 旧书回溯/ [索取号:R656.8/2] | 在馆 |